000 00707nam a2200193 a 4500
001 000226993
003 AM-YeHGA
005 20250618075511.0
008 030520s1942 ai r 000 0 rus d
040 _aAM-YeHGA
100 1 _aВсеволжский, Игорь
245 1 0 _aЛегендарные морские охотники :
_b[Рассказы] /
_cИ. Всеволжский; Худ. Д. Налбандян.
260 _aЕреван :
_bАрмгиз,
_c1942.
300 _a38 с.
_bил. ;
_c14 см.
650 1 4 _aПроза
650 1 4 _aРусская литература
700 1 _aՆալբանդյան, Դմիտրի Արշակի,
_d1906-1993
_eхуд.
_4art
_91460
090 _c472889
999 _c469645
_d469645